000 00471nam a2200169 i 4500
001 bg
100 1 _aKÜHN, Herbert
245 4 _aDie Vorgeschichtliche Kunst Deutschlands /
_cvon Herbert Kühn.
260 _aBerlin :
_bPropyläen-Verlag,
_c1935.
300 _a611, [1] s., 21 k. tabl. :
_bil. ;
_c27 cm.
650 9 _aSztuka niemiecka
_xhistoria
040 _cBPK
041 _apol
080 _a7(091)(430)
942 _cKS
008 s pl f |000 0 pol
999 _c7859
_d7859
856 _uhttp://koha.tu.koszalin.pl/cgi-bin/koha/opac-detail.pl?biblionumber=7859
_yKatalog online BPK